Nuôi cá nước ngọt

Đã lưu trong:
Bibliografiske detaljer
Hovedforfatter: Thái, Bá Hồ
Format: Bog
Sprog:Undetermined
Udgivet: Nha Trang Trường Đại học Thủy Sản Nha Trang 1978
Fag:
Tags: Tilføj Tag
Ingen Tags, Vær først til at tagge denne postø!
Thư viện lưu trữ: Trung tâm Học liệu Trường Đại học Cần Thơ
LEADER 00544nam a2200181Ia 4500
001 CTU_14359
008 210402s9999 xx 000 0 und d
082 |a 639.31 
082 |b H450 
100 |a Thái, Bá Hồ 
245 0 |a Nuôi cá nước ngọt 
245 0 |c Thái Bá Hồ chủ biên 
260 |a Nha Trang 
260 |b Trường Đại học Thủy Sản Nha Trang 
260 |c 1978 
650 |a Fish culture,Freshwater fauna 
904 |i Minh, Hải 
980 |a Trung tâm Học liệu Trường Đại học Cần Thơ